000 00643nam a2200229Ia 4500
003 OSt
005 20221007065154.0
006 a|||||r|||| 00| 0
007 ta
008 221006b |||||||| |||| 00| 0 eng d
024 _a18,227
037 _cReference Collections
040 _aFLL
_cFLL
_beng
041 _2eng
_aeng
082 _aZ,91, N7
100 _aCardozo B.N. Au.
_9686712
245 0 _aNature of the judicial process
260 _aDelhi
_bUniversal law publishing co. pvt. ltd. India
_c1997
300 _a180p
_ccm.
942 _hZ,91, N7
_cREF
_2CC
999 _c1136517
_d1136517